Songs Of The 1960s #2 - Statistics

General Stats
  • This quiz has been taken 1,253 times
  • The average score is 16 of 50
Answer Stats
Year Song Answer % Correct
1966 "I'm A Believer" The Monkees
88%
1969 "Space Oddity" David Bowie
78%
1967 "Brown Eyed Girl" Van Morrison
78%
1967 "Happy Together" The Turtles
66%
1962 "The Loco-Motion" Little Eva
54%
1962 "Sherry" The Four Seasons
54%
1961 "Crazy" Patsy Cline
53%
1967 "You Keep Me Hangin' On" Vanilla Fudge
53%
1961 "The Wanderer" Dion
52%
1961 "Runaway" Del Shannon
51%
1966 "Sunshine Superman" Donovan
48%
1964 "Do Wah Diddy Diddy" Manfred Mann
46%
1963 "Surf City" Jan And Dean
43%
1964 "No Particular Place To Go" Chuck Berry
42%
1968 "In-A-Gadda-Da-Vida" Iron Butterfly
40%
1964 "Under The Boardwalk" The Drifters
40%
1965 "Do You Believe In Magic" The Lovin' Spoonful
40%
1968 "The Weight" The Band
39%
1966 "River Deep - Mountain High" Ike & Tina Turner
38%
1967 "The Letter" The Box Tops
38%
1964 "My Guy" Mary Wells
36%
1964 "Gloria" Them
36%
1969 "Evil Ways" Santana
33%
1965 "Wooly Bully" Sam The Sham And The Pharaohs
31%
1964 "Needles And Pins" The Searchers
29%
1968 "Dance To The Music" Sly And The Family Stone
27%
1966 "96 Tears" ? & The Mysterians
27%
1967 "(Your Love Keeps Lifting Me) Higher And Higher" Jackie Wilson
25%
1961 "Please Mr. Postman" The Marvelettes
25%
1966 "Good Lovin'" The Young Rascals
25%
1965 "Hang On Sloopy" The McCoys
24%
1968 "Piece Of My Heart" Big Brother And The Holding Company
20%
1966 "Kicks" Paul Revere & The Raiders
19%
1965 "I Fought The Law" The Bobby Fuller Four
19%
1963 "Wipe Out" The Surfaris
19%
1963 "Da Doo Ron Ron" The Crystals
18%
1966 "Devil With A Blue Dress On/Good Golly Miss Molly" Mitch Ryder And The Detroit Wheels
16%
1964 "Memphis" Johnny Rivers
15%
1960 "Stay" Maurice Williams And The Zodiacs
14%
1967 "Get Together" The Youngbloods
14%
1966 "Knock On Wood" Eddie Floyd
12%
1969 "It's Your Thing" The Isley Brothers
12%
1968 "Time Has Come Today" The Chambers Brothers
11%
1961 "Quarter To Three" U.S. Bonds
11%
1965 "Shotgun" Junior Walker & The All Stars
10%
1965 "Psychotic Reaction" Count Five
8%
1966 "Double Shot (Of My Baby's Love)" The Swingin' Medallions
5%
1960 "Let's Go, Let's Go, Let's Go" Hank Ballard And The Midnighters
3%
1967 "The Dark End Of The Street" James Carr
2%
1961 "It Will Stand" The Showmen
2%
No matching quizzes found
Score Distribution
Percent of People with Each Score
Percentile by Number Answered
Your Score History
You have not taken this quiz